01528cam a2200373 a 450000100090000000300090000900500170001800800410003502000150007602000190009104000380011004300120014808200210016010000430018124500320022426400360025630000290029233600260032133700280034733800270037550000260040258600320042860000740046065000100053465100740054465300230061865500450064185601060068685600910079285600810088394200120096499900170097695201610099315737954EG-ScBUE20211220104758.0090514s2010 enk f 000 1 eng d a0007230206 a 9780007230204 aDLCbengerdacDLCdDLCdEG-ScBUE ae-uk---04a823.914bMAN2221 aMantel, Hilary,d1952-eauthor.92476810aWolf Hall /cHilary Mantel. 1aLondon :bFourth Estate,c2010. axvii, 653 pages ;c25 cm 2rdacontentatextbtxt 2rdamediaaunmediatedbn 2rdacarrieravolumebnc a"A John Macrae book." aThe Man Booker Prize, 2009.17aCromwell, Thomas,cEarl of Essex,d1485?-1540vFiction.2BUEsh924769 2BUEsh 7aGreat BritainxHistoryyHenry VIII, 1509-1547vFiction.9247702BUEsh cJune2011bHHUUEENN 7aHistorical fiction.2gsafdvReading book423Contributor biographical informationuhttp://www.loc.gov/catdir/enhancements/fy0912/2009019912-b.html423Publisher descriptionuhttp://www.loc.gov/catdir/enhancements/fy0912/2009019912-d.html413Sample textuhttp://www.loc.gov/catdir/enhancements/fy1001/2009019912-s.html 2ddccBB c15556d15556 00102ddc40708BaccahaMAINbMAINc2NDd2011-06-06epurchaseg100.00h12344l2m3o823.914 MANp000024002r2025-07-15 00:00:00s2024-03-03w2011-06-06yBB